000 00448nam a2200181Ia 4500
001 19888
005 20260306172726.0
008 260306t2017||||xx |||||||||||||| ||spa||
041 _aESP
082 _a341.4
_bA71
100 _aGrández, Pedro
_eAUT
245 0 _aLa argumentación jurídica en el estado constitucional
260 _c2017
300 _a542 páginas :
_c24 cm.
650 _aGEN
654 _aCDE
942 _cLIB
_dJUS
_fJUS
_2ddc
_n
999 _c19888
_d19888